000 00555nam a2200193 a 4500
005 20210219153346.0
008 991125n 000 0 spa u
035 _aUPN01000093917
100 _aBarranco, Manuel
222 0 _aEDUCACION :
_bREVISTA MENSUAL
245 0 _aPrimera lección preparatoria para una serie de lecciones de lectura en alta voz
300 _a159-162
362 _a1922 1, no. 3, (nov.)
653 0 _aENSEÑANZA
653 0 _aHABITOS DE LECTURA
653 0 _aLECTURA EN VOZ ALTA
904 _aAC
_b031728
905 _aArticulo
999 _c74841
_d74841